Status quo of social & solidarity economy in the Slovak Republic

Gespeichert in:
Bibliographische Detailangaben
1. Verfasser: Dubcová, Gabriela, 1968-
Weitere Verfasser: Majdúchová, Helena, 1963-, Divincová, Alexandra
Format: Buchkapitel
Sprache:Englisch
Tags: Tag hinzufügen
Keine Tags, Fügen Sie das erste Tag hinzu!

MARC

LEADER 00000nla a2200000 4500
001 0223593
005 20240522135301.0
041 0 |a eng 
044 |a SK 
245 1 0 |a Status quo of social & solidarity economy in the Slovak Republic  |c Gabriela Dubcová, Helena Majdúchová, Alexandra Divincová 
100 1 |a Dubcová, Gabriela, 1968- 
700 1 |a Majdúchová, Helena, 1963- 
700 1 |a Divincová, Alexandra